| 000 | 00405 a2200133 4500 | ||
|---|---|---|---|
| 020 | _a0827357052 | ||
| 082 | _a624.1821 BUR | ||
| 100 | _aBurns, Thomas, | ||
| 245 |
_aFundamental structural steel design--ASD / _cThomas Burns. |
||
| 260 |
_aAlbany, N.Y. : _bDelmar Publishers, _cc1994. |
||
| 300 |
_axiii, 242 p. : _bill. ; _c24 cm. |
||
| 650 | _aBuilding, Iron and steel. | ||
| 650 | _aStructural design. | ||
| 650 | _aSteel, Structural. | ||
| 999 |
_c1282 _d1282 |
||